Walking Dead Main Cast - Statistics

General Stats
  • This quiz has been taken 248 times
    242 since last reset
  • The average score is 139 of 176
Answer Stats
Season Actor/Actress Character % Correct
Season 7 | Season 8 Andrew Lincoln Rick Grimes
100%
Season 1 | Season 2 | Season 3 | +4 others Andrew Lincoln Rick Grimes
99%
Season 10 | Season 11 | Season 2 | +7 others Norman Reedus Daryl Dixon
98%
Season 3 Lauren Cohan Maggie Greene
98%
Season 11 | Season 4 | Season 5 | +4 others Lauren Cohan Maggie Rhee
98%
Season 1 | Season 2 | Season 3 | +5 others Chandler Riggs Carl Grimes
97%
Season 1 | Season 2 | Season 3 | +3 others Steven Yeun Glenn Rhee
97%
Season 1 | Season 2 Jon Bernthal Shane Walsh
97%
Season 1 | Season 2 | Season 3 Sarah Wayne Callies Lori Grimes
96%
Season 10 | Season 11 | Season 2 | +7 others Melissa McBride Carol Peletier
95%
Season 3 | Season 4 | Season 5 | +3 others Danai Gurira Michonne
93%
Season 10 | Season 9 Danai Gurira Michonne Grimes
93%
Season 1 | Season 2 | Season 3 Laurie Holden Andrea Harrison
92%
Season 3 Michael Rooker Merle Dixon
92%
Season 3 | Season 4 Scott Wilson Hershel Greene
91%
Season 4 | Season 5 Emily Kinney Beth Greene
89%
Season 1 | Season 2 Jeffery DeMunn Dale Horvath
89%
Season 10 | Season 11 | Season 7 | +2 others Jeffery Dean Morgan Negan Smith
89%
Season 5 | Season 6 Michael Cudlitz Abraham Ford
86%
Season 10 | Season 11 | Season 5 | +4 others Christian Serratos Rosita Espinosa
86%
Season 3 | Season 4 David Morrissey The Governor
86%
Season 4 | Season 5 | Season 6 | Season 7 Sonequa Martin-Green Sasha Williams
84%
Season 10 | Season 11 | Season 5 | +4 others Josh McDermitt Eugene Porter
83%
Season 6 | Season 7 | Season 8 Lennie James Morgan Jones
81%
Season 10 | Season 11 | Season 5 | +4 others Seth Gilliam Gabriel Stokes
78%
Season 10 | Season 11 | Season 6 | +3 others Ross Marquand Aaron
76%
Season 4 | Season 5 Chad Coleman Tyreese Williams
76%
Season 5 | Season 6 | Season 7 | +2 others Alanna Masterson Tara Chambler
75%
Season 7 | Season 8 | Season 9 Tom Payne Jesus
74%
Season 8 Steven Ogg Simon
72%
Season 10 | Season 11 Cailey Fleming Judith Grimes
69%
Season 10 | Season 9 Samantha Morton Alpha
66%
Season 4 | Season 5 Lawrence Gilliard Jr. Bob Stookey
66%
Season 10 | Season 11 | Season 8 | Season 9 Khary Payton Ezekiel Sutton
66%
Season 8 | Season 9 Katelyn Nacon Enid
65%
Season 7 | Season 8 Austin Amelio Dwight
64%
Season 6 Tovah Feldshuh Deanna Monroe
61%
Season 6 | Season 7 Austin Nichols Spencer Monroe
59%
Season 10 Ryan Hurst Beta
56%
Season 10 | Season 11 Cooper Andrews Jerry
56%
Season 7 | Season 8 | Season 9 Xander Berkeley Gregory
55%
Season 10 | Season 11 Cassady McClincy Lydia
53%
Season 10 | Season 11 Lauren Ridloff Connie
51%
Season 8 | Season 9 Pollyanna McIntosh Jadis
50%
Season 10 | Season 11 Eleanor Matsuura Yumiko Okumura
50%
Season 5 Andrew J. West Gareth
49%
Season 6 Alexandria Breckenridge Jessie Anderson
49%
Season 10 | Season 11 Nadia Hilker Magna
48%
Season 10 | Season 9 Avi Nash Siddiq
44%
Season 10 | Season 11 | Season 9 Callan McAuliffe Alden
43%
Season 11 Michael James Shaw Michael Mercer
39%
Season 11 Paola Lazaro Princess
39%
Season 11 Angel Theory Kelly
37%
Season 11 Laila Robins Pamela Milton
33%
Season 11 Josh Hamilton Lance Hornsby
27%
Season 11 Margot Brigham Maxxine Mercer
23%
Season 11 Lynn Collins Leah Shaw
18%
Season 11 Medina Senghore Annie Smith
8%
No matching quizzes found
Score Distribution
Percent of People with Each Score
Percentile by Number Answered
Your Score History
You have not taken this quiz since the last reset